Countries by Absolute Change in GDP PPP Per Capita 1950-2023 - Statistics

General Stats
  • This quiz has been taken 29 times
  • The average score is 10 of 15
Answer Stats
Absolute Change in GDP Per Capita 1950-2023 Country % Correct
+$82,173 Singapore
92%
+$30,199 United States
88%
+$44,575 Qatar
84%
+$36,689 South Korea
84%
+$85,478 Ireland
80%
+$33,219 Norway
72%
+$25,864 Denmark
68%
+$50,364 Luxembourg
68%
+$31,339 Poland
64%
+$42,478 Malta
60%
+$26,949 Iceland
56%
+$25,102 Cyprus
48%
+$27,847 Netherlands
48%
+$44,241 Guyana
44%
+$25,895 Lithuania
44%
No matching quizzes found
Score Distribution
Percent of People with Each Score
Percentile by Number Answered
Your Score History
You have not taken this quiz